[Event "First Saturday 2008 oktober GM"]
[Site "Budapest"]
[Date "2008.10.11"]
[Round "8"]
[White "Paschall, William M"]
[Black "Duong, The Anh"]
[Result "1/2-1/2"]
[WhiteElo "2351"]
[BlackElo "2420"]
[PlyCount "23"]
[EventDate "2008.10.04"]

1. c4 Nf6 2. Nc3 c5 3. Nf3 Nc6 4. g3 g6 5. d4 cxd4 6. Nxd4 Qb6 7. e3 Bg7 8. Bg2
O-O 9. O-O d6 10. h3 Bd7 11. b3 Rac8 12. Bb2 1/2-1/2

[Event "First Saturday 2008 oktober GM"]
[Site "Budapest"]
[Date "2008.10.11"]
[Round "8"]
[White "Fodor, Tamas"]
[Black "Szalanczy, Emil"]
[Result "1-0"]
[WhiteElo "2388"]
[BlackElo "2343"]
[PlyCount "103"]
[EventDate "2008.10.04"]

1. d4 c5 2. d5 e6 3. c4 exd5 4. cxd5 d6 5. e4 g6 6. Nf3 Bg7 7. Bd3 a6 8. h3 Nd7
9. O-O Nh6 10. a4 f6 11. Na3 Nf7 12. Nc4 Nde5 13. Nfxe5 Nxe5 14. f4 Nxc4 15.
Bxc4 O-O 16. f5 Bd7 17. a5 Qe7 18. Bd3 g5 19. Bd2 Bb5 20. Bc3 Rfe8 21. Re1 Reb8
22. Bc2 Be8 23. h4 h6 24. Qf3 b5 25. axb6 Rxb6 26. Ra3 Qf7 27. Rea1 Bb5 28.
hxg5 hxg5 29. Kf2 Rab8 30. Qh3 Kf8 31. Rh1 Ke7 32. Qe3 R6b7 33. Raa1 Bc4 34.
Rh7 Kd7 35. Rah1 Qe7 36. R1h5 Rg8 37. Qh3 Kc7 38. R5h6 Kb6 39. Qg3 Qf8 40. Rxg7
Rgxg7 41. Rxf6 Rgf7 42. Qxd6+ Qxd6 43. Rxd6+ Ka7 44. f6 Rh7 45. e5 Rh1 46. e6
Rc1 47. Be4 Rf1+ 48. Ke3 Rb3 49. f7 Re1+ 50. Kf3 a5 51. Rd7+ Kb6 52. e7 1-0

[Event "First Saturday 2008 oktober GM"]
[Site "Budapest"]
[Date "2008.10.12"]
[Round "9"]
[White "Szalanczy, Emil"]
[Black "Horvath, Peter"]
[Result "1/2-1/2"]
[WhiteElo "2343"]
[BlackElo "2473"]
[PlyCount "29"]
[EventDate "2008.10.04"]

1. e4 c5 2. Nf3 Nc6 3. Bb5 g6 4. O-O Bg7 5. Re1 Nf6 6. Nc3 O-O 7. h3 Nd4 8. Bf1
d6 9. Nh2 e5 10. Ne2 d5 11. Nxd4 cxd4 12. exd5 Nxd5 13. c4 Nf4 14. d3 Ne6 15.
Ng4 1/2-1/2

[Event "First Saturday 2008 oktober GM"]
[Site "Budapest"]
[Date "2008.10.12"]
[Round "9"]
[White "Duong, The Anh"]
[Black "Fodor, Tamas"]
[Result "1/2-1/2"]
[WhiteElo "2420"]
[BlackElo "2388"]
[PlyCount "27"]
[EventDate "2008.10.04"]

1. d4 d5 2. Nf3 Nf6 3. c4 dxc4 4. e3 e6 5. Bxc4 c5 6. O-O a6 7. dxc5 Qxd1 8.
Rxd1 Bxc5 9. Nbd2 Ke7 10. Nb3 Bd6 11. Bd2 Ne4 12. Be1 Nc6 13. Rac1 Rd8 14. Bd3
1/2-1/2

[Event "First Saturday 2008 oktober GM"]
[Site "Budapest"]
[Date "2008.10.12"]
[Round "9"]
[White "Kahn, Evart dr"]
[Black "Paschall, William M"]
[Result "1/2-1/2"]
[WhiteElo "2297"]
[BlackElo "2351"]
[PlyCount "24"]
[EventDate "2008.10.04"]

1. e4 Nf6 2. e5 Nd5 3. d4 d6 4. c4 Nb6 5. exd6 exd6 6. Nc3 Be7 7. Be3 O-O 8.
Be2 Nc6 9. b3 Bf5 10. Nf3 d5 11. c5 Nc8 12. O-O Bf6 1/2-1/2

[Event "First Saturday 2008 oktober GM"]
[Site "Budapest"]
[Date "2008.10.12"]
[Round "9"]
[White "Collins, Sam"]
[Black "Farago, Ivan"]
[Result "1/2-1/2"]
[WhiteElo "2412"]
[BlackElo "2489"]
[PlyCount "21"]
[EventDate "2008.10.04"]

1. Nf3 Nf6 2. c4 c5 3. Nc3 Nc6 4. g3 d5 5. d4 e6 6. cxd5 Nxd5 7. Bg2 cxd4 8.
Nxd4 Nxc3 9. bxc3 Nxd4 10. Qxd4 Qxd4 11. cxd4 1/2-1/2